00595nam a2200193Ia 450000500170000000800410001702000180005804100120007608200130008810000150010124500370011625000090015326000250016250000150018765000200020294200070022295201530022999900190038220240823021933.0240823s9999||||xx |||||||||||||| ||und|| a81-219-0815-9 aENGLISH A530.4 P7 aMathur D S 0aElements of Properties of Matter a11th c2007b"S Chand,New " aTRANSFERED aMatterbPhysics cBK 00104070aNICHELIBbNICHELIBcPhysicsd2007-09-20eCapricorn Educational Suppliesg215.00l0o530.4 P7p31500r2024-08-23 02:19:33w2024-08-23yBK c178039d178039